Accounting: what the numbers mean (Record no. 1619)
[ view plain ]
| 000 -LEADER | |
|---|---|
| fixed length control field | 01114nam a2200157 4500 |
| 020 ## - INTERNATIONAL STANDARD BOOK NUMBER | |
| ISBN | 0072475986 |
| 050 ## - CALL NUMBER | |
| Classification number | HF 5635 |
| Item number | .M36 |
| 100 ## - AUTHOR | |
| Personal name | Marshal H. David |
| 110 ## - AUTHOR | |
| CORPORATE AUTHOR | Wayne W. Mcmanus, Daniel F. Viele |
| 245 ## - TITLE | |
| Title | Accounting: what the numbers mean |
| 250 ## - EDITION | |
| Edition statement | Fifth edition |
| 260 ## - PUBLICATION INFORMATION | |
| Place of publication | New York |
| Name of publisher | McGraw Hill/ Irwin |
| Year of publication | 2002 |
| 300 ## - DESCRIPTION | |
| Number of Pages | v, 410 pages |
| 505 ## - FORMATTED CONTENTS NOTE | |
| Table of Content | Accounting present and past<br/>Financial Statements and Accounting Concepts<br/>Fundamental Interpretations made from financial statement data<br/>The bookkeeping process and transaction analysis<br/>Accounting for and presentation of current assets <br/>Accounting for and presentation of non current assets<br/>Accounting for and presentation of liabilities<br/>Accounting for and presentation of owners' equity<br/>The income statement and the statement of cash flow<br/>Explanatory notes and other financial statement information<br/>Financial statement Analysis<br/>Managerial Accounting and cost volume profit relationship<br/>Cost Accounting and reporting systems<br/>Cost Analysis for planning<br/>Cost Analysis for control<br/>Cost Analysis for Decision making |
| 942 ## - ADDED ENTRY ELEMENTS (KOHA) | |
| Koha item type | Books |
| Withdrawn status | Lost status | Collection code | Home library | Current library | Shelving location | Date acquired | Full call number | Accession Number | Koha item type |
|---|---|---|---|---|---|---|---|---|---|
| Reference | Methodist University Library Main | Methodist University Library Main | General Stacks | 11/01/2018 | HF 5635 .M36 | 24910 | Books | ||
| Methodist University Library Main | Methodist University Library Main | General Stacks | 11/01/2018 | HF 5635 .M36 | 24903 | Books |